01289nam a2200205 i 450000100060000000300090000600500170001500700030003200800410003524502190007626000870029530000200038249001110040250502800051365100470079370000350084071000760087583001110095185200210106224093ES-MaACL20250902131137.0t|021216s1915 ag ||||1| spa d00aAntecedentes de política económica en el Río de la Plata : bdocumentos originales de los siglos XVI al XIX seleccionados en el Archivo de Indias de Sevilla / ccoordenados y publicados por Roberto Levillier. aBuenos Aires : bUniversidad de Buenos Aires, c1915 (fTip. Sucs. de Rivadeneyra) a2 v. ; c24 cm.1 aEstudios editados por la Facultad de Derecho y Ciencias Sociales de la Universidad de Buenos Aires ; v4-58 aContiene: 1. Libro I. Régimen fiscal. Derechos impuestos y contribuciones constantes aplicadas al comercio - 2. Libro I. Régimen fiscal. Derechos, impuestos y contribuciones constantes aplicadas al comercio (cont.). Impuestos menores y contribuciones ocasionales. Aduanas 4aAmérica española-xHistoria-vFuentes.1 aLevillier, Roberto,d1886-19692 aUniversidad de Buenos Aires. bFacultad de Derecho y Ciencias Sociales.1 aEstudios editados por la Facultad de Derecho y Ciencias Sociales de la Universidad de Buenos Aires ; v4-5 aES-MaACLjC-7181